| 000 | 00492nam a2200181 a 4500 | ||
|---|---|---|---|
| 005 | 20231101063621.0 | ||
| 008 | 991125s1956 mx 000 0 spa u | ||
| 035 | _aUPN01000004739 | ||
| 049 | _aCG | ||
| 050 | 4 |
_aPQ7297 S542 _bA86 |
|
| 100 | 1 |
_aSilva Villalobos, Antonio, _d1929- _937361 |
|
| 245 | 1 | 0 |
_aAsombro : _bpoemas / _cA. Silva Villalobos. |
| 260 |
_aMéxico : _bMetáfora, _c1956. |
||
| 300 | _a60 p. | ||
| 440 | 0 |
_aMetáfora ; _v2 |
|
| 650 | 4 |
_aPoesía mexicana _91273 |
|
| 905 | _aLibro | ||
| 999 |
_c4739 _d4739 |
||